| 000 | 01304cam a22003497a 4500 | ||
|---|---|---|---|
| 003 | CHAP | ||
| 005 | 20220329140338.0 | ||
| 008 | 971013s1983 r 00010 d | ||
| 010 | _a50742 | ||
| 011 | _a51714 | ||
| 035 | _a55864 | ||
| 040 | _cCHAP | ||
| 082 |
_a631.4 _bV58 |
||
| 100 | 0 | 0 |
_aVivó Escoto, Jorge A. _9120199 |
| 245 | 1 | 3 |
_aLa conquista de nuestro suelo _b: estudio sobre los recursos naturales de México |
| 250 | _a2 ed. | ||
| 260 |
_aMéxico, D.F. : _bUniversidad Nacional Autónoma de México. Facultad de Filosofía y Letras, _c1983 |
||
| 300 |
_a449 p. _b: ilus. ; mapas ; gráfs. |
||
| 590 |
_aBATCH-UPD _b10 _c20130110 _lUCH01 _h1158 |
||
| 590 |
_aBATCH-UPD _b10 _c20130410 _lUCH01 _h0740 |
||
| 590 |
_aBATCH-UPD _b10 _c20130914 _lUCH01 _h1956 |
||
| 590 |
_aCONVERSION _b10 _c20130109 _lUCH01 _h1328 |
||
| 650 | 1 | 4 |
_aRecursos naturales _xAprovechamiento. _995190 |
| 650 | 1 | 4 |
_aRecursos naturales _xMéxico. _995299 |
| 650 | 1 | 4 |
_aSuelos. _9110191 |
| 901 | _aBK | ||
| 942 | _cLIBRO | ||
| 949 |
_a631.4 V58 _bBC _cLIBRO _d33724000556213 _eLIBRO _fc.5 _i55864 _si |
||
| 949 |
_a631.4 V58 _bBC _cLIBRO _d33724000556221 _eLIBRO _fc.2 _h63874 _i55864 _si |
||
| 949 |
_a631.4 V58 _bBC _cLIBRO _d33724000642476 _eLIBRO _h63873 _i55864 _si |
||
| 949 |
_a631.4 V58 _bBC _cUACH _d-122336 _eUACH _fc.3 _h63875 _i55864 _si |
||
| 999 |
_c50742 _d50742 |
||